| 000 | 00343nam a22001337a 4500 | ||
|---|---|---|---|
| 999 |
_c528049 _d528049 |
||
| 003 | NUST | ||
| 038 | _aM.Ramzan | ||
| 082 |
_a624.20973 _bPLO |
||
| 100 |
_aPlowden, David _919577 |
||
| 245 |
_aBridges the spansof North America / _cDavid Plowden |
||
| 260 |
_aNew York _bW.W. Norton congress _c1974 |
||
| 300 |
_a328 p, : _c25cm |
||
| 942 |
_2ddc _cBK |
||